Rural development / (Record no. 124671)
[ view plain ]
| 000 -LEADER | |
|---|---|
| fixed length control field | 00807nam a22002417a 4500 |
| 003 - CONTROL NUMBER IDENTIFIER | |
| control field | dpl |
| 005 - DATE AND TIME OF LATEST TRANSACTION | |
| control field | 20180722105241.0 |
| 008 - FIXED-LENGTH DATA ELEMENTS--GENERAL INFORMATION | |
| fixed length control field | 180605b xxu||||| |||| 00| 0 eng d |
| 010 ## - LIBRARY OF CONGRESS CONTROL NUMBER | |
| LC control number | B-021905, B-021915 |
| 020 ## - INTERNATIONAL STANDARD BOOK NUMBER | |
| Terms of availability | 00.00 |
| International Standard Book Number | 8171415369 |
| 035 ## - SYSTEM CONTROL NUMBER | |
| System control number | B-021905, B-021908 |
| 037 ## - SOURCE OF ACQUISITION | |
| Source of stock number/acquisition | Cen Lib/Ret |
| 040 ## - CATALOGING SOURCE | |
| Original cataloging agency | DPL |
| Language of cataloging | EN |
| Transcribing agency | 0 |
| 082 ## - DEWEY DECIMAL CLASSIFICATION NUMBER | |
| Classification number | 338.91734 |
| Item number | RUR |
| 245 ## - TITLE STATEMENT | |
| Title | Rural development / |
| Statement of responsibility, etc | edited by S. N. Tripathy |
| 260 ## - PUBLICATION, DISTRIBUTION, ETC. (IMPRINT) | |
| Place of publication, distribution, etc | New Delhi |
| Name of publisher, distributor, etc | Discovery Publishing House |
| Date of publication, distribution, etc | 2000 |
| 270 ## - ADDRESS | |
| Address | 4831/24, Ansari Road, Prahlad Street Darya Ganj |
| City | New Delhi |
| Postal code | 110002 |
| 300 ## - PHYSICAL DESCRIPTION | |
| Extent | 168p. |
| Dimensions | 22cmHb) |
| 650 ## - SUBJECT ADDED ENTRY--TOPICAL TERM | |
| Topical term or geographic name as entry element | Rural development--Government policy |
| 9 (RLIN) | 11545 |
| 650 ## - SUBJECT ADDED ENTRY--TOPICAL TERM | |
| Topical term or geographic name as entry element | Rural development--Environmental aspects |
| 9 (RLIN) | 11546 |
| 700 ## - ADDED ENTRY--PERSONAL NAME | |
| Personal name | Tripathy, S. N |
| 9 (RLIN) | 11004 |
| 942 ## - ADDED ENTRY ELEMENTS (KOHA) | |
| Source of classification or shelving scheme | Dewey Decimal Classification |
| Koha item type | English Books |
| Classification part | 338.91734 |
| Call number suffix | TRI |
| Withdrawn status | Lost status | Damaged status | Not for loan | Home library | Current library | Date acquired | Source of acquisition | Cost, normal purchase price | Total Checkouts | Full call number | Barcode | Date last seen | Copy number | Cost, replacement price | Price effective from | Koha item type | Source of classification or shelving scheme | Collection code |
|---|---|---|---|---|---|---|---|---|---|---|---|---|---|---|---|---|---|---|
| Central Library | Central Library | 17/06/2015 | Cen Lib/Ret | 0.00 | 338.91734 RUR | B-021905 | 17/06/2015 | 1 | 0.00 | 17/06/2015 | English Books | |||||||
| Patel Nagar | Patel Nagar | 22/07/2018 | BPPD/Pub | 0.00 | 338.91734 TRI | B-021908 | 22/07/2018 | 0.00 | 22/07/2018 | English Books | Dewey Decimal Classification | Non-fiction | ||||||
| Shahdara Branch | Shahdara Branch | 05/06/2018 | BPPD/PUB | 0.00 | 338.91734 TRI | B-021915 | 05/06/2018 | 0.00 | 05/06/2018 | English Books | Dewey Decimal Classification | Non-fiction |
